000
00259nam a22001097a 4500
008
170116b xxu||||| |||| 00| 0 eng d
020
_a
072168632X
041
_a
eng
080
_2
2ND
_a
618.2
245
_a
ADVANCED NURSING PRACTICE
_c
HAMRIC, A.B
942
_2
udc
_c
BK
999
_c
2953
_d
2953